000 00397 a2200157 4500
005 20250629124256.0
020 _a978-0-273-75243-1
082 _a658 KOT
100 _aKOTLER, P
245 _aPrinciples of Marketing
250 _a14th Ed.
260 _aBoston
_bMcGraw-Hill Irwin
_c2012.
300 _a136p.: ill.; figures, pictures
_bIndex
_c27cm
700 _aGary Armstrong
942 _2ddc
_cBKS
999 _c6330
_d6330